Français oscarisés - Statistiques

Statistiques générales
  • Ce quiz a été pris 5 722 fois
    5 609 depuis la dernière actualisation
  • Le résultat moyen est 5 sur 20
Statistiques - réponses
Catégorie Année Film Oscar Réponse % Correct
Personne 2012 The Artist Meilleur acteur Jean Dujardin
97%
Personne 2008 La Môme Meilleure actrice Marion Cotillard
76%
Film 2024 Justine TrietArthur Harari Meilleur scénario original Anatomie d'une chute
50%
Personne 2012 The Aritst Meilleur réalisateur Michel Hazanavicius
42%
Personne 2010 Ensemble de sa carrière (A bout de souffle, Le Mépris, Pierrot le fou,...) Oscar d'honneur Jean-Luc Godard
31%
Film 2003 Roman Polanski Meilleur réalisateur Le Pianiste
30%
Personne 1997 Le Patient anglais Meilleure actrice dans un second rôle Juliette Binoche
24%
Personne 1974 La Nuit américaine Meilleur film en langue étrangère François Truffaut
21%
Personne 1960 Les Chemins de la haute ville Meilleure actrice Simone Signoret
21%
Film 1967 Claude LelouchPierre Uytterhoeven Meilleur scénario original Un homme et une femme
11%
Personne 1972 Un été 42 Meilleure musique de film Michel Legrand
11%
Film 2022 Philippe Rousselet Meilleur film Coda
9%
Film 1993 Régis Wargnier Meilleur film en langue étrangère Indochine
7%
Film 2006 Luc Jacquet Meilleur film documentaire La Marche de l'empereur
7%
Personne 1965 Le Monde sans soleil Meilleur film documentaire Jacques Yves Cousteau
7%
Personne 1977 La Victoire en chantant Meilleur film en langue étrangère Jean-Jacques Annaud
6%
Film 1973 Luis Buñuel Meilleur film en langue étrangère Le Charme discret de la bourgeoisie
5%
Film 1979 Bertrand Blier Meilleur film en langue étrangère Préparez vos mouchoirs
4%
Film 1963 Jean Bourgoin Meilleure photographie Le Jour le plus long
2%
Film 1953 Marcel Vertès Paul Sheriff Meilleurs décorsMeilleurs costumes Moulin rouge
2%
Aucun quiz correspondant
Distribution des résultats
% des personnes avec chaque résultat
Percentile par nombre de réponses
Votre historique - résultats
Vous n’avez pas pris ce quiz depuis la dernière actualisation